000 00597cam a22002053a 4500
001 44616
003 PGUSA
005 20140828084023.0
008 140107s2014||||xxu|||||s|||||000 | eng d
040 _aPGUSA
_beng
042 _adc
100 1 _aOtis, James,
_d1848-1912
245 1 0 _aMary of Plymouth :
_bA Story of the Pilgrim Settlement
_h[electronic resource] /
_cJames Otis
260 _bProject Gutenberg,
_c2014
506 _aPublic domain in the USA.
516 _aElectronic text
830 0 _aProject Gutenberg
_v44616
856 4 0 _uhttp://www.gutenberg.org/ebooks/44616
942 _cEB
999 _c273867
_d273867